English Lake District Fells — Sudden Death - Statistics

General Stats
  • This quiz has been taken 454 times
  • The average score is 14 of 30
Answers on the Grid
Answers color-coded by a green-red scale on the quiz's grid according to % correct below.
Bakestall
Barf
Blackghyll Raise
Blencathra
Blue Arthur
Catbells
Catstycam
Crinkle Crankle
Dollywaggon Pike
Glaramara
Great Buttress
Great Cockup
Great Gable
Hartsop Dodd
Haystacks
Helvellyn
Hen Comb
High Street
Latrigg
Lingmell
Lord's Seat
Nidderburn Top
Pavement
Pen-y-Nib
Pike o' Blisco
Pillar
Place Fell
Ravendore Fell
Red Screes
Scafell Pike
Scout Common
Sickly Crags
Skiddaw Little Man
Slight Side
Sour Howes
Steeplejack Knott
Thwaite
Troutbeck Tongue
Ulna Scar
Walla Crag
Wetherlam
Woebetide Pike
Wuthering Pike
Yewbarrow
Yoke
 
Answer Stats
Answer % Correct
Scafell Pike
80%
Catbells
76%
Helvellyn
76%
Blencathra
68%
Great Gable
67%
Haystacks
67%
Skiddaw Little Man
60%
Latrigg
58%
Lord's Seat
52%
High Street
51%
Lingmell
49%
Glaramara
48%
Dollywaggon Pike
47%
Pillar
46%
Walla Crag
46%
Hartsop Dodd
44%
Catstycam
43%
Yewbarrow
43%
Red Screes
41%
Pike o' Blisco
39%
Great Cockup
38%
Troutbeck Tongue
36%
Place Fell
35%
Barf
34%
Wetherlam
31%
Hen Comb
30%
Slight Side
27%
Bakestall
25%
Sour Howes
22%
Yoke
18%
No matching quizzes found
Score Distribution
Percent of People with Each Score
Percentile by Number Answered
Your Score History
You have not taken this quiz